South Eastern Kenya University

Library Online Public Access Catalogue


Gower and Davies' principles of modern company law (Record no. 18758)

MARC details
000 -LEADER
fixed length control field 00569nam a22002057a 4500
003 - CONTROL NUMBER IDENTIFIER
control field OSt
005 - DATE AND TIME OF LATEST TRANSACTION
control field 20260216122257.0
008 - FIXED-LENGTH DATA ELEMENTS--GENERAL INFORMATION
fixed length control field 260216b |||||||| |||| 00| 0 eng d
020 ## - INTERNATIONAL STANDARD BOOK NUMBER
International Standard Book Number 9780474088115
040 ## - CATALOGING SOURCE
Original cataloging agency SEKU
Language of cataloging SEKU
050 ## - LIBRARY OF CONGRESS CALL NUMBER
Classification number KD 2079
Item number .G68 2008
100 ## - MAIN ENTRY--PERSONAL NAME
Personal name Davies, P. L. (Paul
245 ## - TITLE STATEMENT
Title Gower and Davies' principles of modern company law
250 ## - EDITION STATEMENT
Edition statement 8th Ed.
260 ## - PUBLICATION, DISTRIBUTION, ETC. (IMPRINT)
Place of publication, distribution, etc. ,London:
Name of publisher, distributor, etc. Sweet & Maxwell,
Date of publication, distribution, etc. 2008.
300 ## - PHYSICAL DESCRIPTION
Extent 1294p,:
440 ## - SERIES STATEMENT/ADDED ENTRY--TITLE
Title Principles of modern company law
650 ## - SUBJECT ADDED ENTRY--TOPICAL TERM
Topical term or geographic name as entry element Corporation la-
Geographic subdivision Great Britain
942 ## - ADDED ENTRY ELEMENTS (KOHA)
Source of classification or shelving scheme Library of Congress Classification
Koha item type General circulation
Holdings
Withdrawn status Lost status Source of classification or shelving scheme Damaged status Not for loan Home library Current library Shelving location Date acquired Source of acquisition Total Checkouts Full call number Barcode Date last seen Price effective from Koha item type
    Library of Congress Classification     School of Law Library School of Law Library General Stacks 16/02/2026 Purchase   KD 2079 .G68 2008 2026/029342 16/02/2026 16/02/2026 General circulation
Kitui, Kenya.
+254736116989
library@seku.ac.ke